Tour of the Alps Winners Cycling Race - Statistics

General Stats
  • This quiz has been taken 6 times
  • The average score is 15 of 49
Answer Stats
Year Country Winner % Correct
2017 United Kingdom Geraint Thomas
83%
2022 France Romain Bardet
83%
2021 United Kingdom Simon Yates
83%
2018 France Thibaut Pinot
83%
2010 Kazakhstan Alexander Vinokourov
67%
2024 Spain Juan Pedro López
67%
2025 Australia Michael Storer
67%
2023 United Kingdom Tao Geoghegan Hart
67%
2013 Italy Vincenzo Nibali
67%
2008 Italy Vincenzo Nibali
67%
1962 Italy Enzo Moser
50%
1983 Italy Francesco Moser
50%
1980 Italy Francesco Moser
50%
2009 Italy Ivan Basso
50%
2016 Spain Mikel Landa
50%
1999 Italy Paolo Savoldelli
50%
1998 Italy Paolo Savoldelli
50%
2019 Russia Pavel Sivakov
50%
2015 Australia Richie Porte
50%
2014 Australia Cadel Evans
33%
2007 Italy Damiano Cunego
33%
2006 Italy Damiano Cunego
33%
2004 Italy Damiano Cunego
33%
2003 Italy Gilberto Simoni
33%
2026 Italy Giulio Pellizzari
33%
2011 Italy Michele Scarponi
33%
1992 Italy Claudio Chiappucci
17%
2012 Italy Domenico Pozzovivo
17%
1997 France Luc Leblanc
17%
1987 Italy Claudio Corti
0%
2002 Italy Francesco Casagrande
0%
2001 Italy Francesco Casagrande
0%
1984 Italy Franco Chioccioli
0%
1990 Italy Gianni Bugno
0%
1982 Italy Giuseppe Saronni
0%
1963 Italy Guido De Rosso
0%
1985 Austria Harald Maier
0%
1995 Switzerland Heinz Imboden
0%
2005 Mexico Julio Alberto Pérez
0%
1979 Norway Knut Knudsen
0%
1991 Venezuela Leonardo Sierra
0%
1993 Italy Maurizio Fondriest
0%
1989 Italy Mauro Santaromita
0%
1994 Italy Moreno Argentin
0%
1981 Italy Roberto Visentini
0%
2000 Italy Simone Borgheresi
0%
1986 Italy Team edition
0%
1988 Switzerland Urs Zimmermann
0%
1996 Italy Wladimir Belli
0%
No matching quizzes found
Score Distribution
Percent of People with Each Score
Percentile by Number Answered
Your Score History
You have not taken this quiz